<?xml version="1.0" encoding="UTF-8"?>
<record
    xmlns:xsi="http://www.w3.org/2001/XMLSchema-instance"
    xsi:schemaLocation="http://www.loc.gov/MARC21/slim http://www.loc.gov/standards/marcxml/schema/MARC21slim.xsd"
    xmlns="http://www.loc.gov/MARC21/slim">

  <leader>02307nam a22002657a 4500</leader>
  <controlfield tag="005">20240305165514.0</controlfield>
  <controlfield tag="007">cr||||   |||| </controlfield>
  <controlfield tag="008">181102s2017    co |||||s|||| 00||0 spa d</controlfield>
  <datafield tag="020" ind1=" " ind2=" ">
    <subfield code="a">978-958-762-485-4</subfield>
  </datafield>
  <datafield tag="035" ind1=" " ind2=" ">
    <subfield code="a">22162</subfield>
  </datafield>
  <datafield tag="040" ind1=" " ind2=" ">
    <subfield code="a">vLex</subfield>
  </datafield>
  <datafield tag="090" ind1=" " ind2=" ">
    <subfield code="c">8266</subfield>
    <subfield code="d">8266</subfield>
  </datafield>
  <datafield tag="100" ind1="1" ind2=" ">
    <subfield code="a">G&#xF3;mez Mej&#xED;a, Alberto</subfield>
  </datafield>
  <datafield tag="245" ind1="1" ind2="0">
    <subfield code="a">Competitividad de las exportaciones colombianas</subfield>
    <subfield code="h">[Recurso electr&#xF3;nico] /</subfield>
    <subfield code="c">Alberto G&#xF3;mez Mej&#xED;a</subfield>
  </datafield>
  <datafield tag="256" ind1=" " ind2=" ">
    <subfield code="a">Servicio en l&#xED;nea</subfield>
  </datafield>
  <datafield tag="260" ind1=" " ind2=" ">
    <subfield code="a">Bogot&#xE1;:</subfield>
    <subfield code="b">Ediciones de la U,</subfield>
    <subfield code="c">2017</subfield>
  </datafield>
  <datafield tag="300" ind1=" " ind2=" ">
    <subfield code="a">1 recurso electr&#xF3;nico</subfield>
  </datafield>
  <datafield tag="500" ind1=" " ind2=" ">
    <subfield code="a">Son varios los objetivos de este trabajo: Determinar cu&#xE1;les son los subsectores exportadores que presentan ventajas comparativas o competitividad a nivel internacional; cu&#xE1;les la han ganado y cu&#xE1;les la han perdido. Se pretende hacerlo de la forma m&#xE1;s t&#xE9;cnica posible, sin copiar la teor&#xED;a econ&#xF3;mica que se encuentra en cualquier libro de econom&#xED;a internacional, sin embargo, se hace un resumen de las teor&#xED;as en el cap&#xED;tulo 1 con tal de recordar al lector algunos conceptos importantes. Medir la competitividad usando 21 indicadores ampliamente conocidos en la literatura de la teor&#xED;a econ&#xF3;mica internacional y disponible en el software WITS (World Integrated Trade Solutions), versi&#xF3;n 2.01, enero 2011. WITS es desarrollado por el Banco Mundial con colaboraci&#xF3;n de la UNCTAD, ITC, UNSD y WTO. Se aplicar&#xE1;n los indicadores a 99 subsectores de acuerdo al Harmonized System Codes. Complementar, con el uso de herramientas econom&#xE9;tricas econom&#xE9;tricas, los resultados obtenidos por los indicadores. Presentar los 21 indicadores de competitividad y los resultados econom&#xE9;tricos para los 48 subsectores colombianos en tablas que permitan al lector sacar conclusiones expeditas para cada subsector.</subfield>
  </datafield>
  <datafield tag="506" ind1="1" ind2=" ">
    <subfield code="a">Disponible solo en los productos indicados</subfield>
    <subfield code="d">vLex Global</subfield>
    <subfield code="d">vLex Global (Academic Edition, excluding Law Schools)</subfield>
    <subfield code="d">vLex Global (U.S. Academic Edition, Law Schools)</subfield>
    <subfield code="d">vLex Global (U.S. Academic Edition, excluding Law Schools)</subfield>
    <subfield code="d">vLex Global (Academic Edition, Law Schools)</subfield>
  </datafield>
  <datafield tag="650" ind1="0" ind2="4">
    <subfield code="a">Econom&#xED;a y negocios</subfield>
    <subfield code="z">Colombia</subfield>
  </datafield>
  <datafield tag="650" ind1="0" ind2="4">
    <subfield code="a">Comercio</subfield>
    <subfield code="z">Colombia</subfield>
  </datafield>
  <datafield tag="740" ind1="0" ind2=" ">
    <subfield code="a">vLex Libros (Servicio en l&#xED;nea)</subfield>
  </datafield>
  <datafield tag="856" ind1="4" ind2="0">
    <subfield code="u">https://app.vlex.com/#/sources/competitividad-de-las-exportaciones-colombianas-22162</subfield>
  </datafield>
  <datafield tag="942" ind1=" " ind2=" ">
    <subfield code="c">RAA</subfield>
  </datafield>
  <datafield tag="952" ind1=" " ind2=" ">
    <subfield code="0">0</subfield>
    <subfield code="1">0</subfield>
    <subfield code="4">0</subfield>
    <subfield code="7">0</subfield>
    <subfield code="8">VLEX</subfield>
    <subfield code="9">324477</subfield>
    <subfield code="a">BD-UIN</subfield>
    <subfield code="b">BD-UIN</subfield>
    <subfield code="d">2024-03-05</subfield>
    <subfield code="l">0</subfield>
    <subfield code="p">22162</subfield>
    <subfield code="r">2024-03-05</subfield>
    <subfield code="w">2024-03-05</subfield>
    <subfield code="y">RAA</subfield>
  </datafield>
  <datafield tag="999" ind1=" " ind2=" ">
    <subfield code="c">166503</subfield>
    <subfield code="d">166503</subfield>
  </datafield>
</record>
